| 000 | 00607 a2200169 4500 | ||
|---|---|---|---|
| 999 |
_c2983 _d2983 |
||
| 020 | _a087584717 | ||
| 050 | _aHF 5549.2 PFE 1994 | ||
| 100 |
_aPfeffer, Jeffrey _eauthor |
||
| 245 |
_aCompetitive advantage through people: _bunleashing the power of the work force _cJeffrey Pfeffer |
||
| 264 |
_aBoston: _bHavard Business School Press _c1994 |
||
| 300 | _aix; 281p. | ||
| 500 | _aInclude bibliographical references and index | ||
| 650 |
_apersonnel management _xUnited States |
||
| 650 |
_aCompetition _xUnited States |
||
| 650 |
_aOrganisationa behaviour _xUnited States |
||
| 942 |
_2lcc _cBK _h5549.2 _iPFE _kHF |
||